Measurement and evaluation in physical education (Record no. 393699)

MARC details
000 -LEADER
fixed length control field 00488 a2200181 4500
005 - DATE & TIME
control field 20260110101835.0
008 - FIXED-LENGTH DATA ELEMENTS--GENERAL INFORMATION
fixed length control field 260106b |||||||| |||| 00| 0 eng d
020 ## - ISBN
International Standard Book Number 9788175248533
Price Rs. 1000.00
040 ## - CATALOGING SOURCE
Original cataloging agency VIVEKANANDA LIBRARY
082 ## - DDC NUMBER
Classification number 796.07287
Book Number P141M
100 ## - MAIN ENTRY--PERSONAL NAME
Personal name Pagare, Sachin
245 ## - TITLE STATEMENT
Title Measurement and evaluation in physical education
260 ## - PUBLICATION, DISTRIBUTION, ETC. (IMPRINT)
Name of publisher, distributor, etc Khel Sahitya Kendra
Date of publication, distribution, etc 2025
Place of publication, distribution, etc New Delhi
300 ## - PHYSICAL DESCRIPTION
Pages 218
650 ## - Subject
Subject Physical Education
650 ## - Subject
Subject Measurement
942 ## - ADDED ENTRY ELEMENTS (KOHA)
Koha item type Books
Holdings
Withdrawn status Lost status Source of classification or shelving scheme Damaged status Not for loan Location (home branch) Sublocation or collection (holding branch) Shelving location Date acquired Koha issues (times borrowed) Koha full call number Accession No. Koha date last seen Koha item type
    Dewey Decimal Classification     VIVEKANANDA LIBRARY VIVEKANANDA LIBRARY Vivekananda Library 12/12/2025   796.07287 P141M 443640 12/12/2025 Books
© Designed and Maintained by Vivekananda Library, MDU Rohtak